Olivier,Willie (Record no. 114683)

MARC details
000 -LEADER
fixed length control field 00269nam a2200109Ia 4500
082 ## - DEWEY DECIMAL CLASSIFICATION NUMBER
Classification number 796.510968 OLIV
020 ## - INTERNATIONAL STANDARD BOOK NUMBER
International Standard Book Number 9781868727872"
008 - FIXED-LENGTH DATA ELEMENTS--GENERAL INFORMATION
fixed length control field 210816s9999 xx 000 0 und d
100 ## - MAIN ENTRY--PERSONAL NAME
Personal name Hiking trails of South Africa
245 #0 - TITLE STATEMENT
Title Olivier,Willie
942 ## - ADDED ENTRY ELEMENTS
item type Books
Holdings
Withdrawn status Lost status Damaged status Not for loan Home library Current library Date acquired Cost, normal purchase price Total Checkouts Barcode Date last seen Price effective from item type
        Masoyi Masoyi 17.08.2021 60.00   33228021655038 17.08.2021 17.08.2021 Books